Power trains A service, testing, and maintenance guide for electronic and electrical systems in off-road vehicles, trucks, buses, and automobiles
This book builds step by step. Chapter 1 covers how power trains work. Chapter 2-10 go into detail about the different kinds of power trains and their working parts. Each chapter clearly dicusses how to adjust and maintain its power train systems as well as how to diagnose and test problem areas
保存先:
| 第一著者: | |
|---|---|
| フォーマット: | 図書 |
| 言語: | Undetermined |
| 出版事項: |
Illinois
John Deere
1991
|
| 主題: | |
| タグ: |
タグ追加
タグなし, このレコードへの初めてのタグを付けませんか!
|
| Thư viện lưu trữ: | Trung tâm Học liệu Trường Đại học Cần Thơ |
|---|
| LEADER | 00925nam a2200217Ia 4500 | ||
|---|---|---|---|
| 001 | CTU_15516 | ||
| 008 | 210402s9999 xx 000 0 und d | ||
| 020 | |b 49df | ||
| 082 | |a 620.10063 | ||
| 082 | |b F981po | ||
| 100 | |a FOS | ||
| 245 | 0 | |a Power trains | |
| 245 | 2 | |b A service, testing, and maintenance guide for electronic and electrical systems in off-road vehicles, trucks, buses, and automobiles | |
| 245 | 0 | |c FOS | |
| 260 | |a Illinois | ||
| 260 | |b John Deere | ||
| 260 | |c 1991 | ||
| 520 | |a This book builds step by step. Chapter 1 covers how power trains work. Chapter 2-10 go into detail about the different kinds of power trains and their working parts. Each chapter clearly dicusses how to adjust and maintain its power train systems as well as how to diagnose and test problem areas | ||
| 650 | |a agricutural mechanics | ||
| 904 | |i Minh, 970410 | ||
| 980 | |a Trung tâm Học liệu Trường Đại học Cần Thơ | ||